01646nam a2200373 a 4500001001000000003000500010005001700015008004100032010001100073011001100084040000900095090001000104100004700114245020700161260004000368500006000408502009600468590003700564590004000601590004000641650003100681650003900712650003600751650005000787650003100837856001600868856007000884901000700954942001000961942000600971999001900977952014000996952013601136000113028CHAP20220329144334.0170322s2016 mx sm |||||||spa d a109489 a110461 cCHAP aTesis1 aArreguín Zavala, José de Jesus913178010aIdentificación del ácaro asociado con el berry rojo y evaluación de estrategias de manejo en el cultivo de zarzamora (Rubus s.p.) en Michoacánh[En línea]cpor José de Jesus Arreguin Zavala. aDurango, Méx. :bEl autor,c2016. aPara ver el contenido del material haga clic en la liga aTesis (Ing. en Sistemas Agricolas) -- UACH. Unidad Regional Universitaria de Zonas Áridas aBATCHb00c20181121lUCH01h0758 aE5765TAJb05c20170322lUCH01h0906 aE5765TAJb05c20170322lUCH01h090714aÁcarosxControl.913178214aÁcarosxIdentificación.98238014aFrambuesaxEnfermedades.94287314aZarzamoraxEnfermedades por ácaros.913178114aZarzamoraxPlagas.9123743 a1 n0000555 aFinding aiduhttp://10.13.5.2/tesis/sist113028.pdfzTeclea aquí aBK cTESIS n0 c109489d109489 00102local4053708TESISaBCbBCcPA_TESISd2017-03-22fTESISl0oTesisp33724002528941r2019-12-31 00:00:00tc.2w2019-12-31yTESIS 00104054718TESISaBCbBCd2017-03-22fTESISl0oTesisp33724002528983r2019-12-31 00:00:00w2019-12-31yTESISzRecien adquirido